| 000 | 00518nam a2200205Ia 4500 | ||
|---|---|---|---|
| 001 | 13952 | ||
| 003 | GE_BSU | ||
| 008 | 181216s||||||||xx |||||||||||||| ||und|| | ||
| 040 | _cGE_BSU | ||
| 080 | _a553.982 | ||
| 100 | _aПетров,Ал.А. | ||
| 245 | _aУглеводороды нефти. | ||
| 245 | _cОтв. ред. Н.С.Наметкин. | ||
| 260 | _aМ. | ||
| 260 | _bНаука. | ||
| 260 | _c1984. | ||
| 300 | _a264 стр. 21 см. | ||
| 653 | _aУглеводороды нефти. | ||
| 942 | _cBK | ||
| 999 |
_c47095 _d47095 |
||